| 000 | 00826nam a22002657a 4500 | ||
|---|---|---|---|
| 001 | BD-DhSAU 3029 | ||
| 003 | BD-DhSAU | ||
| 005 | 20150203144049.0 | ||
| 008 | 150203b1991 -usa||||r|||| 001 0 eng d | ||
| 020 | _a0521361338 | ||
| 040 | _aBD-DhSAU | ||
| 082 |
_222 _a581.31 _bPLA |
||
| 245 |
_aPlant growth : _binteraction with nutrition and environment / _cEdited by J.R. Porter and D.W. Lawlor. |
||
| 260 |
_aNew York : _bCambridge University Press, _cc1991. |
||
| 300 |
_axii, 284 p. : _bill. ; _c24 cm. |
||
| 440 | _aSociety for experimental biology seminar series: 43. | ||
| 504 | _aInclude bibliographical references and index. | ||
| 590 | _ajoy | ||
| 650 | _aBotany. | ||
| 650 | _aGrowth (Plants) | ||
| 650 |
_aPlants. _xNutrition. |
||
| 650 | _aPlant ecology. | ||
| 700 | _aPorter, J.R. | ||
| 700 | _aLawlor, D.W. | ||
| 942 |
_2ddc _cBOOK |
||
| 999 |
_c3029 _d3029 |
||